[Event "San Pedro del Pinatar 4th"]
[Site "San Pedro del Pinatar"]
[Date "2013.01.11"]
[Round "2.1"]
[White "Lopez Garcia, Francisco Andres"]
[Black "Sanchez Botella, Luis Javier"]
[Result "1-0"]
[WhiteElo "1992"]
[BlackElo "2196"]
[PlyCount "68"]
[EventDate "2013.01.11"]
[EventType "swiss"]
[EventRounds "7"]
[EventCountry "ESP"]
[SourceTitle "EXT 2024"]
[Source "ChessBase"]
[SourceDate "2023.10.10"]
[SourceVersion "1"]
[SourceVersionDate "2023.10.10"]
[SourceQuality "1"]

1. e4 c5 2. Nf3 e6 3. d4 cxd4 4. Nxd4 a6 5. Nd2 Ne7 6. Bd3 Nbc6 7. Nxc6 Nxc6 8. 0-0 Be7 9. Nf3 0-0 10. Be3 b5 11. a4 b4 12. Nd2 d5 13. exd5 exd5 14. Nb3 Bf6 15. Rb1 Re8 16. Qh5 g6 17. Qh6 Ne5 18. Be2 Bg4 19. f3 Bd7 20. Nc5 Bf5 21. Bxa6 Rxa6 22. Nxa6 Nc4 23. Bf4 Qb6+ 24. Kh1 Qxa6 25. Rfe1 Rc8 26. Rbd1 Nxb2 27. Rxd5 Bxc2 28. Rd6 Qa7 29. Rxf6 Nd3 30. Be3 Qe7 31. Qh4 Re8 32. Re2 Bd1 33. Bc5 Qxe2 34. Rxg6+ hxg6 1-0

[Event "Benidorm op U2000 07th"]
[Site "Benidorm"]
[Date "2008.12.04"]
[Round "6"]
[White "Lopez Garcia, Francisco Andres"]
[Black "Cartagena Sanchez, Javier"]
[Result "1-0"]
[WhiteElo "1995"]
[BlackElo "1963"]
[PlyCount "81"]
[EventDate "2008.11.29"]
[EventType "swiss"]
[EventRounds "9"]
[EventCountry "ESP"]
[SourceTitle "CBM 127 Extra"]
[Source "ChessBase"]
[SourceDate "2009.01.08"]
[SourceVersion "2"]
[SourceVersionDate "2009.01.28"]
[SourceQuality "1"]

1. e4 e5 2. Nf3 Nc6 3. Nc3 Nf6 4. Bb5 d6 5. d4 exd4 6. Nxd4 Bd7 7. 0-0 Be7 8. Nf5 Bxf5 9. exf5 0-0 10. Re1 a6 11. Ba4 Qd7 12. Qd3 Rfe8 13. Bg5 b5 14. Bb3 Ne5 15. Qh3 g6 16. fxg6 Qxh3 17. gxf7+ Nxf7 18. gxh3 Kg7 19. Bf4 c6 20. a4 b4 21. Ne4 Nxe4 22. Rxe4 d5 23. Re6 Nd8 24. Re3 Kf7 25. Rae1 Rg8+ 26. Bg3 Ra7 27. Rf3+ Bf6 28. Kf1 Re7 29. Rxf6+ Kxf6 30. Bh4+ Kf5 31. Rxe7 Ne6 32. c3 bxc3 33. bxc3 Ke5 34. Bg3+ Kf6 35. Rb7 Nc5 36. Rb6 Ke7 37. Bc2 Rc8 38. a5 Ke6 39. Bd1 Ke7 40. Bg4 Ne6 41. Rb7+ 1-0

[Event "Benidorm op U2000 07th"]
[Site "Benidorm"]
[Date "2008.12.03"]
[Round "5"]
[White "Todic, Simo"]
[Black "Lopez Garcia, Francisco Andres"]
[Result "0-1"]
[WhiteElo "1919"]
[BlackElo "1995"]
[PlyCount "124"]
[EventDate "2008.11.29"]
[EventType "swiss"]
[EventRounds "9"]
[EventCountry "ESP"]
[SourceTitle "CBM 127 Extra"]
[Source "ChessBase"]
[SourceDate "2009.01.08"]
[SourceVersion "2"]
[SourceVersionDate "2009.01.28"]
[SourceQuality "1"]

1. e4 c5 2. Nf3 e6 3. d4 cxd4 4. Nxd4 a6 5. c4 Nf6 6. Nc3 Qc7 7. Bd3 Nc6 8. Nf3 Be7 9. 0-0 0-0 10. Bg5 d6 11. Rc1 Ne5 12. Nxe5 dxe5 13. Qf3 b6 14. Rfd1 Bb7 15. Be3 Rfd8 16. Qe2 Nd7 17. a3 Bc5 18. b4 Bd4 19. f3 Nb8 20. Qf2 Nc6 21. Be2 Bxe3 22. Qxe3 Nd4 23. Na4 Bc6 24. Nb2 Rd7 25. c5 b5 26. Rc3 a5 27. Nd3 a4 28. Nc1 Qd8 29. Rcd3 h6 30. R1d2 Qg5 31. Qxg5 hxg5 32. Kf2 Rad8 33. Bd1 g6 34. Ne2 f6 35. Ke3 f5 36. g3 f4+ 37. gxf4 gxf4+ 38. Kf2 Kf7 39. Nxd4 exd4 40. Ke1 Kf6 41. Rg2 Rh7 42. Rdd2 e5 43. Bc2 g5 44. Rg1 Rdh8 45. Rgg2 Rh3 46. Rdf2 g4 47. Rxg4 Rxh2 48. Rfg2 Rxg2 49. Rxg2 Rh1+ 50. Kd2 Ra1 51. Rg8 Rxa3 52. Rd8 Ke7 53. Rd6 Bd7 54. Bd1 Ra2+ 55. Ke1 Be6 56. Rb6 Bc4 57. Rb7+ Ke6 58. Rb6+ Kd7 59. Rb7+ Kc6 60. Re7 a3 61. Rxe5 Ra1 62. Kd2 a2 0-1

[Event "Benidorm op U2000 07th"]
[Site "Benidorm"]
[Date "2008.12.02"]
[Round "4"]
[White "Lopez Garcia, Francisco Andres"]
[Black "Garcia Domingo, Jose Antonio"]
[Result "0-1"]
[WhiteElo "1995"]
[BlackElo "1938"]
[PlyCount "76"]
[EventDate "2008.11.29"]
[EventType "swiss"]
[EventRounds "9"]
[EventCountry "ESP"]
[SourceTitle "CBM 127 Extra"]
[Source "ChessBase"]
[SourceDate "2009.01.08"]
[SourceVersion "2"]
[SourceVersionDate "2009.01.28"]
[SourceQuality "1"]

1. e4 e6 2. d4 d5 3. Nc3 Nf6 4. Bg5 Be7 5. Bxf6 Bxf6 6. e5 Be7 7. Qg4 g6 8. h4 h5 9. Qf4 a6 10. Nf3 Nd7 11. Ng5 Bxg5 12. hxg5 c5 13. dxc5 Qc7 14. 0-0-0 Qxe5 15. Qxe5 Nxe5 16. Re1 d4 17. Rxe5 dxc3 18. b4 Bd7 19. Rh3 Bb5 20. Be2 0-0 21. Rxc3 Rfd8 22. Bf3 Rab8 23. Re1 Rd4 24. a3 a5 25. Re4 Rd5 26. bxa5 Ba6 27. Rb4 Rxg5 28. c6 Rxa5 29. cxb7 Kg7 30. Rb6 g5 31. Rcc6 Bxb7 32. Rc7 Bxf3 33. Rxb8 Bxg2 34. Rb4 h4 35. Rg4 h3 36. f4 h2 37. fxg5 h1Q+ 38. Kb2 Qh3 0-1